Adele 21 Songs - Statistics

General Stats
  • This quiz has been taken 784 times
    783 since last reset
  • The average score is 6 of 11
Answer Stats
Hint Answer % Correct
1 Rolling in the Deep
89%
11 Someone Like You
88%
5 Set Fire to the Rain
82%
2 Rumour Has It
72%
3 Turning Tables
71%
4 Don't You Remember
45%
10 Lovesong
45%
9 One and Only
42%
6 He Won't Go
41%
7 Take It All
40%
8 I'll Be Waiting
33%
No matching quizzes found
Score Distribution
Percent of People with Each Score
Percentile by Number Answered
Your Score History
You have not taken this quiz since the last reset